000 00785nam a2200217 a 4500
001 BRCA_3586
005 20190320204338.0
008 060809s1945----fr a---###---#000-0#fre-#
041 _afre
044 _afr
050 4 _aN5330
_b.L47 1945
100 1 _aLeroy, Alfred
_99307
245 1 0 _aÉvolution de 1´art antique
_bEgypte, Asie Occidentale, Grece et Rome : Evolution artistique et historique, caracteres des divers foyers createurs, apports de 1´art antique dans la formation de 1´art moderne, guide de 1´amateur d´art antique, bibliographie
_cAlfred Leroy.
260 _aParís
_bHorizons de France
_c1945
300 _a316 p.
_bil., mapas
_c22 cm.
500 _aB254
650 1 4 _aArte antiguo
_99308
650 1 4 _aArte
_xHistoria
_99309
902 _aGFM
942 _2lcc
_cB
999 _c3321
_d3321